000 01437cam a2200337 i 4500
003 SA-RiAUC
005 20250519064405.0
008 250518s2014 jo f b 00010 ara c
020 _a9789957801526
040 _aSA-MaUQU
_bara
_cSA-RiAUC.
_erda
082 0 4 _a251.15
_qSA-RiAUC
090 _a251.15
_bق ع د
100 1 _aقعدان، أحمد محمود إسماعيل
_eمؤلف.
245 1 0 _aمقاصد الشريعة الإسلامية وعلاقتها بأحكام فقه الأسرة مع تحليل نماذج من النوازل الفقهية /
_cأحمد محمود قعدان.
250 _aالطبعة الأولى.
264 1 _aعمان، الأردن :
_bدار النفائس للنشر والتوزيع،
_c2014
300 _a360 صفحة ؛
_c24 سم
336 _aنص
_btxt
_2rdacontent
_3كتاب
337 _aبدون وسيط
_bn
_2rdamedia
338 _aمجلد
_bnc
_2rdacarrier
500 _aالأصل أطروجة دكتوراه.
504 _aببليوجرافية : صفحة 341-354.
504 _aيشتمل على إرجاعات ببليوجرافية
650 7 _aالنوازل (أصول فقه)
_2aucsh
650 7 _aمقاصد الشريعة
_2aucsh
650 7 _aالأسرة في الإسلام
_2aucsh
650 7 _aالشريعة الإسلامية
_2aucsh
650 7 _aالفقه الإسلامي
_2aucsh
942 _2ddc
_cBOOK
_n0
949 _aSA-JeALM
_d250518
_uosman123
_n1
999 _c8062
_d8062